LEADER 04787nam 2200817 450 001 9910135400903321 005 20240215122721.0 010 $a1-5261-0282-X 010 $a1-84779-887-X 035 $a(CKB)3810000000000104 035 $a(SSID)ssj0001496861 035 $a(PQKBManifestationID)12629820 035 $a(PQKBTitleCode)TC0001496861 035 $a(PQKBWorkID)11488382 035 $a(PQKB)10430475 035 $a(MiAaPQ)EBC4921319 035 $a(OCoLC)981863954 035 $a(MdBmJHUP)muse59482 035 $a(UkMaJRU)992976649725101631 035 $a(DE-B1597)659610 035 $a(DE-B1597)9781847798879 035 $a(EXLCZ)993810000000000104 100 $a20190103d2015 uy| 0 101 0 $aeng 135 $aurmu#nnnuuuuu 181 $ctxt$2rdacontent 182 $cc$2rdamedia 183 $acr$2rdacarrier 200 14$aThe making of British bioethics /$fDuncan Wilson 210 1$aManchester, UK :$cManchester University Press,$d2015. 215 $a1 online resource (xi, 303 pages) $cportrait; digital, PDF file(s) 225 0 $aManchester History of Medicine 300 $aBibliographic Level Mode of Issuance: Monograph 311 $a1-5261-0283-8 311 $a0-7190-9619-7 320 $aIncludes bibliographical references and index. 327 $aIntroduction --1. Ethics 'by and for professions': the origins and endurance of club regulation --2. Ian Ramsey, theology and 'trans-disciplinary' medical ethics --3. 'Who's for bioethics?' Ian Kennedy, oversight and accountability in the 1980s --4. 'Where to draw the line?' Mary Warnock, embryos and moral expertise --5. 'A service to the community as a whole': the emergence of bioethics in British universities --6. Consolidating the 'ethics industry': a national ethics committee and bioethics during the 1990s --Conclusion --Bibliography --Index. 330 3 $aRecent decades have witnessed profound shifts in the politics of medicine and the biological sciences. Members of several professions, including philosophers, lawyers and social scientists, now discuss and help regulate issues that were once left to doctors and scientists, in a form of outside involvement known as ?bioethics?. The making of British bioethics provides the first in-depth study of the growing demand for this outside involvement in Britain, where bioethicists have become renowned and influential ?ethics experts?. The book moves beyond existing histories, which often claim that bioethics arose in response to questions surrounding new procedures such as in vitro fertilisation. It shows instead that British bioethics emerged thanks to a dynamic interplay between changing sociopolitical concerns and the aims of specific professional groups and individuals. Highlighting this interplay has important implications for our understanding of how issues such as embryo experiments, animal research and assisted dying became high profile ?bioethical? concerns in late twentieth century Britain. And it also helps us appreciate how various individuals and groups intervened in and helped create the demand for bioethics, playing a major role in their transformation into ?ethics experts?. The making of British bioethics draws on a wide range of materials, including government archives, popular sources, professional journals, and original interviews with bioethicists and politicians. It is clearly written and will appeal to historians of medicine and science, general historians, bioethicists, and anyone interested in what the emergence of bioethics means for our notions of health, illness and morality. 606 $aBioethics$zGreat Britain$xHistory 606 $aMedicine$2bicssc 606 $aMedicine: general issues$2bicssc 606 $aHistory of medicine$2bicssc 606 $aMEDICAL / History$2bisach 607 $aGrossbritannien$2gnd 607 $aGreat Britain$2fast 608 $aHistory. 610 $aBritish bioethics. 610 $aBritish universities. 610 $aIan Kennedy. 610 $aIan Ramsey. 610 $aMary Warnock. 610 $aassisted dying. 610 $abioethics committee. 610 $aclub regulation. 610 $aembryo research. 610 $aexternal oversight. 610 $ain vitro fertilisation. 610 $atransdisciplinary groups. 615 0$aBioethics$xHistory. 615 7$aMedicine. 615 7$aMedicine: general issues. 615 7$aHistory of medicine. 615 7$aMEDICAL / History. 676 $a174.2 700 $aWilson$b Duncan$f1978-$0912273 712 02$aManchester University Press, 801 2$bUkMaJRU 906 $aBOOK 912 $a9910135400903321 996 $aThe making of British bioethics$92042642 997 $aUNINA LEADER 02794nam 2200697 450 001 9910817784003321 005 20230803221118.0 010 $a3-11-037020-4 010 $a3-11-035493-4 024 7 $a10.1524/9783110354935 035 $a(CKB)2550000001255076 035 $a(EBL)1634396 035 $a(SSID)ssj0001212262 035 $a(PQKBManifestationID)11831822 035 $a(PQKBTitleCode)TC0001212262 035 $a(PQKBWorkID)11209532 035 $a(PQKB)10137385 035 $a(MiAaPQ)EBC1634396 035 $a(DE-B1597)419730 035 $a(OCoLC)1013942076 035 $a(OCoLC)979760189 035 $a(DE-B1597)9783110354935 035 $a(Au-PeEL)EBL1634396 035 $a(CaPaEBR)ebr10861399 035 $a(CaONFJC)MIL588279 035 $a(OCoLC)875818959 035 $a(EXLCZ)992550000001255076 100 $a20140503h20142014 uy| 0 101 0 $ager 135 $aur|n|---||||| 181 $ctxt 182 $cc 183 $acr 200 10$aGrundlagen der Betriebswirtschaftslehre $eBachelor Kompaktwissen /$fBernd Camphausen (Hrsg.) ; Theo Vollmer [and three others] 205 $a3., u?berarbeitete und erweiterte Auflage. 210 1$aMu?nchen :$cDe Gruyter Oldenbourg,$d[2014] 210 4$d©2014 215 $a1 online resource (478 p.) 300 $aDescription based upon print version of record. 311 $a3-11-035491-8 320 $aIncludes bibliographical references and index. 327 $t Frontmatter -- $tInhaltsübersicht und Autoren -- $tI. Einführung in die Betriebswirtschaftslehre / $rVollmer, Theo -- $tII. Unternehmensführung / $rCamphausen, Bernd -- $tIII. Rechnungswesen / $rJandt, Jürgen -- $tIV. Investition und Finanzierung / $rLevin, Frank -- $tV. Supply Chain Management / $rEichler, Bernd -- $tSachverzeichnis 330 $aThis textbook presents key subject matter in business administration understandably, concisely, and vividly. The material is developed and explained in a clear didactic way. Each chapter of the book constitutes a self-contained presentation of its subject matter and all of the chapters can be understood without prior knowledge of business administration. 606 $aIndustrial management 610 $aCore areas of business studies. 610 $aaccounting. 610 $abachelors study of business administration. 610 $acorporate management. 610 $afinance. 610 $ainvestment. 615 0$aIndustrial management. 686 $aQP 120$2rvk 700 $aVollmer$b Theo$01662106 702 $aCamphausen$b Bernd 801 0$bMiAaPQ 801 1$bMiAaPQ 801 2$bMiAaPQ 906 $aBOOK 912 $a9910817784003321 996 $aGrundlagen der Betriebswirtschaftslehre$94018487 997 $aUNINA